00449nam a2200109Ia 4500008004100000245016600041260003500207260000900242300000900251650001300260856006600273170516s9999 xx 000 0 und d aFormulation of Ondansetron HCl Matrix Tablets with Microenvironmental pH Modifier for Improved Dissolution and Bioavailability under Hypochlorhydria A. Anilkumar bAsian Journal of Pharmaceutics c2016 a10:3 xPharmacy uhttp://www.asiapharmaceutics.info/index.php/ajp/issue/view/63